000 00479nam a2200181Ia 4500
008 230125s9999 xx 000 0 und d
020 _a81-900914-0-10
041 _aeng
082 _a920.71
_bDAS
100 _aDasgupta A
245 _aThe life and times of Karam Chand Thapar
260 _c1998
_bArchive Pub
_aMumbai
300 _a203p
500 _aLiterature;Biography;Biography(men)
650 _aBiography(men)
_9115035
700 _aDasgupta A
999 _c92780
_d92780